Holiday Quiz

Random Holiday or Clickable Quiz

Connect the Dots: Halloween Quiz Stats

 Plays Quiz Updated Oct 18, 2017

Score 0/23 Timer 06:00
3 Plays Today
% Correct
Apples
92.5%
Broomstick
91.5%
Jack-o-Lantern
89.8%
Ghost
88.5%
Reese's
87.9%
Thriller
86.6%
Dracula
85.3%
Owls
83.4%
Elm St.
82.3%
Peace
77.7%
Werewolf
77.3%
Vlad
74.9%
% Correct
Kit Kat
73.1%
Undead
68.7%
Ichabod
65.6%
Hocus Pocus
65.2%
Michael Myers
65%
Skellington
63.7%
Friday the 13th
62.6%
Carpenter
61%
Night of the Living Dead
59.9%
Queen of the Damned
58.2%
Linus
56.6%

You're not logged in!

Compare scores with friends on all Sporcle quizzes.
OR
Log In

You Might Also Like...

Show Comments

Extras

Top Quizzes Today


Score Distribution

Your Account Isn't Verified!

In order to create a playlist on Sporcle, you need to verify the email address you used during registration. Go to your Sporcle Settings to finish the process.

Report this User

Report this user for behavior that violates our Community Guidelines.

Details: